[Event "Riga, Latvia"]
[Site "Riga, Latvia"]
[Date "2021.10.27"]
[Round "1.9"]
[White "Alekseenko Kirill  (RUS)"]
[Black "Shevchenko Kirill  (UKR)"]
[Result "1-0"]
[LiveChessVersion "1.4.8"]
[BlackElo "2632"]
[WhiteElo "2710"]

1. e4 {[%clk 1:40:54]} c5 {[%clk 1:40:55]} 2. Nf3 {[%clk 1:41:05]} d6
{[%clk 1:41:15]} 3. Bb5+ {[%clk 1:41:20]} Nd7 {[%clk 1:41:16]} 4. d4
{[%clk 1:41:30]} Ngf6 {[%clk 1:34:44]} 5. Bd3 {[%clk 1:31:24]} cxd4
{[%clk 1:29:57]} 6. Nxd4 {[%clk 1:31:46]} Nc5 {[%clk 1:27:37]} 7. Nc3
{[%clk 1:32:09]} e6 {[%clk 1:21:35]} 8. O-O {[%clk 1:30:39]} Be7 {[%clk 1:20:19]}
9. Re1 {[%clk 1:29:43]} O-O {[%clk 1:08:07]} 10. Bf1 {[%clk 1:22:20]} Qc7
{[%clk 0:55:17]} 11. a4 {[%clk 1:11:54]} Rd8 {[%clk 0:46:12]} 12. Bf4
{[%clk 1:02:39]} a6 {[%clk 0:39:02]} 13. e5 {[%clk 0:55:58]} dxe5
{[%clk 0:27:11]} 14. Bxe5 {[%clk 0:56:04]} Qa5 {[%clk 0:22:08]} 15. Qf3
{[%clk 0:52:38]} Ncd7 {[%clk 0:17:07]} 16. Bg3 {[%clk 0:51:16]} Bb4
{[%clk 0:15:11]} 17. Rad1 {[%clk 0:43:42]} Re8 {[%clk 0:12:46]} 18. Nb3
{[%clk 0:37:23]} Qh5 {[%clk 0:10:47]} 19. Qe3 {[%clk 0:36:52]} e5
{[%clk 0:07:02]} 20. a5 {[%clk 0:33:26]} e4 {[%clk 0:05:57]} 21. Rd4
{[%clk 0:29:59]} Bxc3 {[%clk 0:03:20]} 22. Qxc3 {[%clk 0:30:23]} Ne5
{[%clk 0:03:24]} 23. Nc5 {[%clk 0:26:45]} Nc6 {[%clk 0:01:59]} 24. Nxe4
{[%clk 0:25:20]} Nxe4 {[%clk 0:02:20]} 25. Rdxe4 {[%clk 0:25:31]} Rxe4
{[%clk 0:02:42]} 26. Rxe4 {[%clk 0:25:55]} Be6 {[%clk 0:03:06]} 27. b4
{[%clk 0:22:36]} Rd8 {[%clk 0:02:39]} 28. Re1 {[%clk 0:18:06]} Qd5
{[%clk 0:01:30]} 29. f3 {[%clk 0:13:15]} h6 {[%clk 0:01:00]} 30. Rb1
{[%clk 0:10:50]} Nd4 {[%clk 0:00:36]} 31. Bf2 {[%clk 0:11:13]} Bf5
{[%clk 0:00:33]} 32. Rd1 {[%clk 0:10:44]} Nxf3+ {[%clk 0:00:47]} 33. Qxf3
{[%clk 0:11:08]} Qxd1 {[%clk 0:01:15]} 34. Qxf5 {[%clk 0:11:31]} Rd6
{[%clk 0:00:34]} 35. c3 {[%clk 0:10:19]} g6 {[%clk 0:00:36]} 36. Qc8+
{[%clk 0:09:47]} Kh7 {[%clk 0:01:01]} 37. Qxb7 {[%clk 0:09:33]} Rf6
{[%clk 0:01:26]} 38. Qe7 {[%clk 0:09:09]} Rf5 {[%clk 0:01:37]} 39. Qe1
{[%clk 0:09:02]} Qc2 {[%clk 0:01:17]} 40. Bd4 {[%clk 0:09:21]} 1-0

[Event "Riga, Latvia"]
[Site "Riga, Latvia"]
[Date "2021.10.27"]
[Round "1.44"]
[White "Neiksans Arturs  (LAT)"]
[Black "Sarana Alexey  (RUS)"]
[Result "1-0"]
[LiveChessVersion "1.4.8"]
[BlackElo "2649"]
[WhiteElo "2570"]

1. e4 {[%clk 1:40:57]} c5 {[%clk 1:40:55]} 2. Nf3 {[%clk 1:41:22]} d6
{[%clk 1:41:18]} 3. Bb5+ {[%clk 1:41:47]} Nd7 {[%clk 1:41:20]} 4. c3
{[%clk 1:42:08]} Ngf6 {[%clk 1:40:31]} 5. Qe2 {[%clk 1:42:32]} a6
{[%clk 1:37:38]} 6. Ba4 {[%clk 1:42:55]} b5 {[%clk 1:36:55]} 7. Bc2
{[%clk 1:43:19]} Bb7 {[%clk 1:37:20]} 8. d4 {[%clk 1:42:42]} e6 {[%clk 1:37:22]}
9. O-O {[%clk 1:42:56]} Be7 {[%clk 1:37:44]} 10. Re1 {[%clk 1:43:04]} Qc7
{[%clk 1:37:19]} 11. Bd3 {[%clk 1:43:11]} e5 {[%clk 1:23:55]} 12. Nbd2
{[%clk 1:40:57]} O-O {[%clk 1:23:29]} 13. dxe5 {[%clk 1:32:21]} Nxe5
{[%clk 1:19:26]} 14. Nxe5 {[%clk 1:31:03]} dxe5 {[%clk 1:19:53]} 15. c4
{[%clk 1:31:22]} b4 {[%clk 1:20:16]} 16. Nf1 {[%clk 1:30:02]} Nd7
{[%clk 1:19:42]} 17. Ne3 {[%clk 1:20:19]} Bg5 {[%clk 1:18:50]} 18. Nd5
{[%clk 1:12:57]} Qd8 {[%clk 1:17:56]} 19. Bc2 {[%clk 1:12:59]} Bc6
{[%clk 1:12:33]} 20. Bxg5 {[%clk 1:02:52]} Qxg5 {[%clk 1:12:59]} 21. Qd1
{[%clk 1:03:16]} Rfd8 {[%clk 1:07:41]} 22. Ba4 {[%clk 0:48:32]} Bxa4
{[%clk 1:05:30]} 23. Qxa4 {[%clk 0:48:56]} Nf8 {[%clk 1:05:55]} 24. a3
{[%clk 0:47:14]} bxa3 {[%clk 1:04:20]} 25. Qxa3 {[%clk 0:39:10]} Ne6
{[%clk 1:02:56]} 26. Qg3 {[%clk 0:36:20]} h6 {[%clk 0:56:55]} 27. Qxg5
{[%clk 0:20:57]} hxg5 {[%clk 0:55:00]} 28. f3 {[%clk 0:20:06]} Rdb8
{[%clk 0:52:31]} 29. Ra2 {[%clk 0:20:15]} Rb7 {[%clk 0:52:25]} 30. Re2
{[%clk 0:16:53]} Nd4 {[%clk 0:50:37]} 31. Rd2 {[%clk 0:16:19]} a5
{[%clk 0:50:04]} 32. Kf1 {[%clk 0:14:54]} f6 {[%clk 0:48:43]} 33. h3
{[%clk 0:14:04]} Rb3 {[%clk 0:46:53]} 34. Rd1 {[%clk 0:08:54]} Kh7
{[%clk 0:43:03]} 35. Rd2 {[%clk 0:07:11]} Kh6 {[%clk 0:42:54]} 36. Rd1
{[%clk 0:07:21]} Kh5 {[%clk 0:42:46]} 37. Rd2 {[%clk 0:07:11]} Ra6
{[%clk 0:28:51]} 38. Nc7 {[%clk 0:07:10]} Ra7 {[%clk 0:28:27]} 39. Nd5
{[%clk 0:07:35]} Ne6 {[%clk 0:26:12]} 40. Rd1 {[%clk 0:04:42]} Nf4
{[%clk 0:24:15]} 41. Kg1 {[%clk 0:41:04]} Kh4 {[%clk 0:52:46]} 42. Kh2
{[%clk 0:40:35]} Ne6 {[%clk 0:52:53]} 43. Rd2 {[%clk 0:30:01]} Nd4
{[%clk 0:51:55]} 44. Rd1 {[%clk 0:29:29]} Rab7 {[%clk 0:46:07]} 45. Rd2
{[%clk 0:29:07]} Nc6 {[%clk 0:43:57]} 46. Nc3 {[%clk 0:24:49]} Nd4
{[%clk 0:36:34]} 47. Nd5 {[%clk 0:25:02]} Ra7 {[%clk 0:36:36]} 48. Rd1
{[%clk 0:25:02]} Kh5 {[%clk 0:36:50]} 49. Kg1 {[%clk 0:24:02]} Rab7
{[%clk 0:36:48]} 50. Rd2 {[%clk 0:24:14]} Nc6 {[%clk 0:37:09]} 51. Kh2
{[%clk 0:23:28]} Kh4 {[%clk 0:20:35]} 52. Nc3 {[%clk 0:23:18]} R3b4
{[%clk 0:20:55]} 53. Nd5 {[%clk 0:15:54]} Rxc4 {[%clk 0:15:54]} 54. g4
{[%clk 0:03:28]} Rb3 {[%clk 0:09:20]} 55. Ra3 {[%clk 0:03:54]} Rd4
{[%clk 0:07:33]} 56. Re2 {[%clk 0:03:32]} Rbd3 {[%clk 0:02:17]} 57. Rxd3
{[%clk 0:03:51]} Rxd3 {[%clk 0:02:44]} 58. Ne3 {[%clk 0:04:15]} 1-0

[Event "Riga, Latvia"]
[Site "Riga, Latvia"]
[Date "2021.10.27"]
[Round "1.50"]
[White "Vokhidov Shamsiddin  (UZB)"]
[Black "Deac Bogdan-Daniel  (ROU)"]
[Result "1/2-1/2"]
[LiveChessVersion "1.4.8"]
[BlackElo "2643"]
[WhiteElo "2521"]

1. e4 {[%clk 1:40:56]} c5 {[%clk 1:40:51]} 2. Nf3 {[%clk 1:41:17]} d6
{[%clk 1:41:19]} 3. Bb5+ {[%clk 1:41:34]} Nd7 {[%clk 1:41:41]} 4. Ba4
{[%clk 1:41:56]} Ngf6 {[%clk 1:41:49]} 5. O-O {[%clk 1:42:19]} e6
{[%clk 1:42:03]} 6. Qe2 {[%clk 1:39:10]} Qa5 {[%clk 1:35:49]} 7. Bb3
{[%clk 1:35:57]} b5 {[%clk 1:31:36]} 8. d3 {[%clk 1:30:52]} Bb7 {[%clk 1:14:24]}
9. Bf4 {[%clk 1:25:11]} Be7 {[%clk 1:08:15]} 10. Nbd2 {[%clk 1:22:21]} a6
{[%clk 1:03:17]} 11. c3 {[%clk 1:19:24]} O-O {[%clk 1:03:17]} 12. d4
{[%clk 1:15:25]} Rfc8 {[%clk 0:43:20]} 13. e5 {[%clk 1:01:56]} dxe5
{[%clk 0:43:25]} 14. dxe5 {[%clk 1:02:11]} Nd5 {[%clk 0:43:29]} 15. Bg5
{[%clk 1:02:01]} Qd8 {[%clk 0:39:29]} 16. Ne4 {[%clk 0:51:04]} Nxc3
{[%clk 0:32:38]} 17. bxc3 {[%clk 0:43:48]} Bxe4 {[%clk 0:32:57]} 18. Qxe4
{[%clk 0:44:13]} Bxg5 {[%clk 0:33:19]} 19. Rfd1 {[%clk 0:44:26]} Be7
{[%clk 0:33:07]} 20. a4 {[%clk 0:44:37]} Rab8 {[%clk 0:28:01]} 21. axb5
{[%clk 0:41:53]} axb5 {[%clk 0:28:17]} 22. h4 {[%clk 0:34:36]} Qc7
{[%clk 0:23:53]} 23. h5 {[%clk 0:34:34]} h6 {[%clk 0:23:22]} 24. Bc2
{[%clk 0:26:01]} Nf8 {[%clk 0:23:42]} 25. g3 {[%clk 0:25:37]} b4 {[%clk 0:15:05]}
26. c4 {[%clk 0:22:22]} b3 {[%clk 0:15:24]} 27. Bd3 {[%clk 0:17:32]} Rd8
{[%clk 0:15:43]} 28. Rab1 {[%clk 0:16:02]} Qb7 {[%clk 0:12:59]} 29. Qxb7
{[%clk 0:13:48]} Rxb7 {[%clk 0:13:21]} 30. Rb2 {[%clk 0:08:20]} Rb4
{[%clk 0:10:00]} 31. Kf1 {[%clk 0:08:49]} f6 {[%clk 0:04:44]} 32. Ke2
{[%clk 0:07:23]} Nd7 {[%clk 0:04:15]} 33. Ke3 {[%clk 0:02:04]} Nxe5
{[%clk 0:00:45]} 34. Nxe5 {[%clk 0:02:29]} fxe5 {[%clk 0:01:11]} 35. Be2
{[%clk 0:01:51]} Bg5+ {[%clk 0:00:35]} 36. f4 {[%clk 0:01:35]} exf4+
{[%clk 0:00:38]} 37. gxf4 {[%clk 0:02:04]} Bf6 {[%clk 0:00:36]} 38. Rxd8+
{[%clk 0:02:32]} Bxd8 {[%clk 0:01:00]} 39. Bd1 {[%clk 0:02:59]} Kf7
{[%clk 0:00:34]} 40. Bxb3 {[%clk 0:02:40]} Bf6 {[%clk 0:00:36]} 41. Rb1
{[%clk 0:03:09]} Bd4+ {[%clk 0:00:34]} 42. Kf3 {[%clk 0:01:04]} Kf6
{[%clk 0:48:39]} 43. Kg4 {[%clk 0:51:01]} Be3 {[%clk 0:48:35]} 44. Kg3
{[%clk 0:45:09]} Bd2 {[%clk 0:43:44]} 45. Kf3 {[%clk 0:45:03]} Kf7
{[%clk 0:40:13]} 46. Ke4 {[%clk 0:37:54]} Kf6 {[%clk 0:31:58]} 47. Kf3
{[%clk 0:38:11]} Ke7 {[%clk 0:29:47]} 48. Ke4 {[%clk 0:36:36]} Bc3
{[%clk 0:28:25]} 49. f5 {[%clk 0:30:55]} e5 {[%clk 0:27:50]} 50. Bc2
{[%clk 0:31:13]} Bd4 {[%clk 0:24:10]} 51. Rxb4 {[%clk 0:30:09]} cxb4
{[%clk 0:24:39]} 52. c5 {[%clk 0:28:47]} Bxc5 {[%clk 0:19:59]} 53. Kxe5
{[%clk 0:29:07]} Bf2 {[%clk 0:20:22]} 54. Ba4 {[%clk 0:28:23]} Bg3+
{[%clk 0:20:42]} 55. Kd5 {[%clk 0:26:36]} Kf6 {[%clk 0:21:03]} 56. Kc4
{[%clk 0:26:59]} Bd6 {[%clk 0:21:23]} 57. Be8 {[%clk 0:27:18]} Kxf5
{[%clk 0:21:48]} 58. Bg6+ {[%clk 0:27:44]} Kf4 {[%clk 0:22:11]} 59. Kb3
{[%clk 0:28:04]} Ke5 1/2-1/2